000 00672nam a2200217Ia 4500
003 OSt
005 20260119121051.0
008 220923b |||||||| |||| 00| 0 eng d
020 _a0745006361
037 _cGeneral Book
040 _aRTL
_cRTL
_beng
041 _2eng
_aeng
084 _aY:434, N0
_qRTL
100 _aTaylor Brian Kingzett
_9317993
245 0 _aImagine No Possessions: towards a Sociology Poverty
_b
260 _aNew York
_bHarvester Wheat Sheaf
_c1990
300 _axi, 217 p.
_bIncludes bibliographical references and index.
650 _aSociology
_9898515
942 _hY:434, N0
_cGB
_2CC
_n0
999 _c625500
_d625500